000 00684nam a2200289Ia 4500
005 20260324112445.0
008 008 260324s9999 xx 000 0 eng d
020 _a9781003511908
037 _aEBOOK
040 _aCRL
040 _beng
040 _cCRL
041 _2eng
041 _aeng
084 _qCRL
100 _aAryeh Maidenbaum
_91142772
245 0 _aJung and the Jewish Experience
245 0 _bReflections by a Jungian Analyst
260 _bTaylor and Francis
260 _c2024
365 _a
365 _b205
856 _uhttp://www.taylorfrancis.com/books/9781003511908
942 _cEBOOK
999 _c1731989
_d1731989